<?xml version="1.0" encoding="UTF-8"?>
<collection xmlns="http://www.loc.gov/MARC21/slim">
<record>
  <controlfield tag="001">3517</controlfield>
  <controlfield tag="005">20180305151357.0</controlfield>
  <datafield tag="037" ind1=" " ind2=" ">
    <subfield code="a">SCART-2018-0043</subfield>
  </datafield>
  <datafield tag="100" ind1=" " ind2=" ">
    <subfield code="a">Stankov, S. M.</subfield>
  </datafield>
  <datafield tag="245" ind1=" " ind2=" ">
    <subfield code="a">Reconstruction of the electron density profile from the total electron content using upper transition level and vertical incidence sounding measurements</subfield>
  </datafield>
  <datafield tag="260" ind1=" " ind2=" ">
    <subfield code="c">2001</subfield>
  </datafield>
  <datafield tag="594" ind1=" " ind2=" ">
    <subfield code="a">NO</subfield>
  </datafield>
  <datafield tag="700" ind1=" " ind2=" ">
    <subfield code="a">Muhtarov, P. Y.</subfield>
  </datafield>
  <datafield tag="773" ind1=" " ind2=" ">
    <subfield code="p">Comptes Rendus de l’Académie bulgare des sciences</subfield>
    <subfield code="v">54</subfield>
    <subfield code="y">2001</subfield>
    <subfield code="n">9</subfield>
    <subfield code="c">45-48</subfield>
  </datafield>
  <datafield tag="856" ind1="0" ind2=" ">
    <subfield code="f">stanimir.stankov@meteo.be</subfield>
  </datafield>
  <datafield tag="856" ind1="4" ind2="2">
    <subfield code="a">http://adsabs.harvard.edu/full/2001CRABS..54i..45S</subfield>
  </datafield>
  <datafield tag="856" ind1="4" ind2=" ">
    <subfield code="s">325948</subfield>
    <subfield code="u">http://publi2-as.oma.be/record/3517/files/Stankov_2001_CRBAS_Reconstruction of the electron density profile from TEC using UTL and VIS measurements.pdf</subfield>
  </datafield>
  <datafield tag="856" ind1="4" ind2=" ">
    <subfield code="s">17704</subfield>
    <subfield code="u">http://publi2-as.oma.be/record/3517/files/Stankov_2001_CRBAS_Reconstruction of the electron density profile from TEC using UTL and VIS measurements.gif?subformat=icon</subfield>
    <subfield code="x">icon</subfield>
  </datafield>
  <datafield tag="856" ind1="4" ind2=" ">
    <subfield code="s">18791</subfield>
    <subfield code="u">http://publi2-as.oma.be/record/3517/files/Stankov_2001_CRBAS_Reconstruction of the electron density profile from TEC using UTL and VIS measurements.jpg?subformat=icon-180</subfield>
    <subfield code="x">icon-180</subfield>
  </datafield>
  <datafield tag="905" ind1=" " ind2=" ">
    <subfield code="a">published in</subfield>
  </datafield>
  <datafield tag="980" ind1=" " ind2=" ">
    <subfield code="a">REFERD</subfield>
  </datafield>
</record>
</collection>